TV Show Intro Music (A-Z) Quiz Stats

Quiz Updated Jan 12, 2017

Also try: Video Game Intros
Challenge
Share
Tweet
Score 0/26 Timer 06:00
0 Plays Today
Time TV Show % Correct
0:40-0:48Fresh Prince of Bel-air
91.6%
0:08-0:16Batman
91.5%
0:16-0:24Cheers
84.7%
1:12-1:20The Jetsons
78.9%
3:04-3:12X-Files
78.6%
2:24-2:32Seinfeld
75.1%
0:00-0:08The A-Team
71.3%
0:48-0:56Gilligan's Island
71%
1:52-2:00The Office
66.2%
2:32-2:40Three's Company
63.8%
0:56-1:04Hawaii Five-O
63.6%
2:00-2:08The Price is Right
63.1%
1:04-1:12I Dream of Jeannie
60.7%
Time TV Show % Correct
0:24-0:32Dallas
55.6%
2:16-2:24Rawhide
50.8%
1:28-1:36Laverne and Shirley
49.6%
3:20-3:28Zorro
49.2%
1:36-1:44Mary Tyler Moore Show
40%
1:44-1:52NCIS
39%
3:12-3:20The Young and The Restless
37.4%
0:32-0:40Entertainment Tonight
34.6%
2:48-2:56Veggie Tales
34.2%
2:08-2:16Quincy, M.E.
24.9%
2:56-3:04WKRP In Cincinnati
24.6%
2:40-2:48Untouchables
9.8%
1:20-1:28Kung Fu
6.4%

You're not logged in!

Compare scores with friends on all Sporcle quizzes.
Sign Up with Email
OR
Log In

You Might Also Like...

Show Comments

Extras

Top Quizzes Today


Score Distribution

Your Account Isn't Verified!

In order to create a playlist on Sporcle, you need to verify the email address you used during registration. Go to your Sporcle Settings to finish the process.

Report this User

Report this user for behavior that violates our Community Guidelines.

Details: